| 000 | 00973nem a2200169 i 4500 | ||
|---|---|---|---|
| 001 | 185973 | ||
| 003 | ES-MaACL | ||
| 005 | 20230906222545.0 | ||
| 008 | 160831s1925 sp | | | ||spa d | ||
| 130 | 0 |
_aBilbao (Vizcaya) (Término municipal). _kDivisiones administrativas. _f1925. _9160650 |
|
| 245 | 1 | 0 |
_aPlano jurisdiccional de Bilbao desde 1º de enero de 1925 [ _hMaterial cartográfico]. |
| 255 | _aEscala 1:20.000. | ||
| 260 |
_a[S.l. : _bs.n.], _c1925 ( _eBilbao : _fImp. Casa de Misericordia) |
||
| 300 |
_a1 plano : _bcol. ; _c48 x 51 cm. pleg. en 24 x 17 cm. |
||
| 592 | _aOrientado con flecha con el N. al SE. del plano. - Relieve por sombreado. - Red hidrográfica. - Divisiones jurisdiccionales diferenciadas por color. | ||
| 852 |
_aES-MaACL _j1680-F-24 (1) _z.- Guardo en un sobre con otro mapa. En el sobre impreso: Excmo. Ayuntamiento de Bilbao. Contiene dos planos: 1. Plano jurisdiccional de la Villa. 2. Plano de la División en distritos. Enero de 1915 |
||
| 999 |
_c185973 _d185973 |
||